| 000 | 00714nam a2200241 i 4500 | ||
|---|---|---|---|
| 001 | 000047913 | ||
| 003 | DO-SdBNP | ||
| 005 | 20241119121353.0 | ||
| 007 | ta | ||
| 008 | 181003s2012 dr a r 000 0 spa d | ||
| 040 |
_aDO-SdBNP _bspa _cBNPHU _erda |
||
| 082 | 4 |
_axxx _bT332 _222 |
|
| 245 | 0 | 0 |
_aTertulia : _blos mártires de la hacienda María. |
| 264 |
_aSanto Domingo : _bMuseo Memorial de la Resistencia Dominicana, _c2012. |
||
| 300 |
_a77 p.áginas: _bilustraciones ; _c22 cm. |
||
| 336 |
_2rdacontent _atexto _btxt |
||
| 337 |
_2rdamedia _asin mediación _bn |
||
| 338 |
_2rdacarrier _avolumen _bnc |
||
| 490 |
_aTertulia _v1 |
||
| 590 | _aInventariado, 2018/BT | ||
| 910 | _aBtavárez | ||
| 942 |
_2ddc _cLBS1 |
||
| 999 |
_c47401 _d47401 |
||